00454pab a2200145 454500008004000000100002100040245009700061260000900158300001300167362001200180650002500192650003100217650001400248773004600262180718b2008 xxu||||| |||| 00| 0 eng d aSantha, Sunil D. aLocal culture, technological change and riverine fisheries management in Kerala, South India c2008 ap.25-45. aJan-Dec aTechnological change aFisheries - India - Kerala aFisheries aInternational Journal of Rural Management